01197cam a22003734i 4500003000900000005001700009008004100026020001500067020001800082035002000100040003300120082002100153100003900174245011500213264004600328300003900374336002100413337002500434338002300459504003600482505016800518526001000686526001000696526001000706526001000716526000800726526000800734526000800742526000800750526000800758526000800766526000800774650004100782PE-LiUPU20250731172904.0150706s2016 sp rb 000 0 spa d a8490732701 a9788490732700 a(Sirsi) a166280 aPE-LiUPUbspacPE-LiUPUerda04a229.913bP782201 aPortier-Young, Anathea E.,eautor.14aApocalipsis contra Imperio :bTeologías de resistencia en el judaísmo antiguo /cAnathea E. Portier-Young. 1aEstella, España :bVerbo Divino,c2016. a701 páginas ;c24 centímetros. atext2rdacontent aunmediated2rdamedia avolume2rdacarrier aIncluye bibliografía 657-670.0 aPrimera Parte: Teorización de la resistencia -- Segunda Parte: La Dominación Seléucida en Judea -- Tercera Parte: Teologías Apocalípticas de resistencia. aSEG42 aSEG41 aSEG40 aSEG39 aP94 aP87 aP86 aP85 aP77 aP76 aP3504aJudíosxHistoriay586 a.C.-70 d.C.